| 000 | 00374nam a22001337a 4500 | ||
|---|---|---|---|
| 003 | OSt | ||
| 008 | 260429b |||||||| |||| 00| 0 eng d | ||
| 020 | _a9788189304164 | ||
| 082 |
_a910.285 _bG19G |
||
| 245 | _aGPS Principles and Applications/by A. Ganesh and Narayankumar | ||
| 650 | _aHistory & Geography | GPSl Geoinformatics | ||
| 700 | _aNarayankumar | ||
| 942 |
_2ddc _cBK |
||
| 999 |
_c50302 _d50302 |
||